Psicología de la anormalidad perspectivas clínicas en los transtornos psicológicos Richard P. Halgin, Susan Krauss Whitbourne ; traducción Enrique Palos Báez, Jorge Alberto Velázquez Arellano ; revisión técnica Alejandra Reyes García (Registro nro. 32769)
[ vista simple ]
| 000 -CABECERA | |
|---|---|
| Longitud fija campo de control | 01183nam a2200289 a 4500 |
| 003 - • IDENTIFICADOR DELl NÚMERO DE CONTROL | |
| Identificador del número de control | CO-ViMGA |
| 008 - • CÓDIGOS DE INFORMACIÓN DE LONGITUD FIJA | |
| Códigos de información de longitud fija | 141112s2004 ck r 000 u spa d |
| 020 ## - • NÚMERO INTERNACIONAL NORMALIZADO PARA LIBROS | |
| Número Internacional Normalizado para Libros (ISBN) | 9789701068861 |
| 040 ## - FUENTE DE LA CATALOGACIÓN | |
| Centro catalogador de origen | CO-ViMGA |
| Lengua de catalogación | spa |
| Centro transcriptor | CO-ViMGA |
| 041 ## - • CÓDIGO DE LENGUA | |
| Código de lengua del texto/banda sonora o título independiente | spa |
| 082 04 - • NÚMERO DE LA CLASIFICACIÓN DECIMAL DEWEY | |
| Número de clasificación (R) | 616.89 H15p |
| 100 1# - • PUNTO DE ACCESO PRINCIPAL-NOMBRE DE PERSONA | |
| Nombre de persona | Halgin, Richard P. |
| 245 10 - • TITULO PROPIAMENTE DICHO | |
| Título | Psicología de la anormalidad perspectivas clínicas en los transtornos psicológicos Richard P. Halgin, Susan Krauss Whitbourne ; traducción Enrique Palos Báez, Jorge Alberto Velázquez Arellano ; revisión técnica Alejandra Reyes García |
| 250 ## - • MENCIÓN DE EDICIÓN | |
| Mención de edición | 5a. ed. |
| 300 ## - • DESCRIPCIÓN FÍSICA | |
| Extensión | 531 p., [66] p. en varias paginaciones ilustraciones, fotos 27 cm. |
| 504 ## - • NOTA DE BIBLIOGRAFÍA, ETC | |
| Nota de bibliografía, etc. | Incluye referencias bibliográficas, glosario e índice. |
| 541 ## - NOTA DE FUENTE DE ADQUISICIÓN DIRECTA | |
| -- | 9.600; 1 c. |
| 596 ## - | |
| -- | 2 |
| 650 14 - • PUNTO DE ACCESO ADICIONAL DE MATERIA - TÉRMINO DE MATERIA | |
| Término de materia o nombre geográfico como elemento inicial | Psicopatología |
| 700 1# - • PUNTO DE ACCESO ADICIONAL - NOMBRE DE PERSONA | |
| Nombre de persona | Whitbourne, Susan Krauss |
| 926 ## - | |
| -- | B - GENERAL COLEC - GRAL 616.89 H15 LIBRO 1 |
| 942 ## - ENTRADA DE ELEMENTOS AGREGADOS (KOHA) | |
| Fuente de clasificaión o esquema | Dewey Decimal Classification |
| Koha [por defecto] tipo de item | LIbro |
| Perdido | Fuente de clasificación o esquema | Estado Físico | No para préstamo | Forma de adquisición | Localización permanente | Localización actual | Fecha adquisición | Serie de enumeración / cronolog&íacute;a | Préstamos totales | Renovaciones totales | Signatura completa | Código de barras | Fecha última consulta | Fecha último préstamo | Número de copia | Fecha del precio de reemplazo | Tipo de item de Koha |
|---|---|---|---|---|---|---|---|---|---|---|---|---|---|---|---|---|---|
| Dewey Decimal Classification | Sala Especializada Tercer Piso | Biblioteca Pública Germán Arciniegas - Villavicencio | Biblioteca Pública Germán Arciniegas - Villavicencio | 12/04/2015 | 13/ago/2013 | 1 | 1 | 616.89 H15p | 26079 | 05/12/2017 | 03/16/2017 | Ej. 1 | 12/04/2015 | LIbro |